Espèces : Crocodiliens - Statistiques

Statistiques générales
  • Ce quiz a été pris 111 fois
  • Le résultat moyen est 8 sur 26
Statistiques - réponses
Par images Réponse % Correct
Crocodile du Nil
89%
Crocodile Marin
83%
Gavial du Gange
62%
Alligator d'Amérique
60%
Caïman Nain de Cuvier
49%
Caïman Noir
49%
Caïman à Lunettes
43%
Crocodile Nain
40%
Crocodile Américain
37%
Alligator de Chine
35%
Crocodile de Cuba
29%
Faux-Gavial d'Afrique
29%
Faux-Gavial de Malaisie
26%
Crocodile du Siam
25%
Crocodile des Marais
22%
Caïman de Schneider
20%
Jacara
20%
Crocodile de Johnston
17%
Crocodile de l'Orénoque
17%
Crocodile des Philippines
15%
Crocodile de Morelet
14%
Crocodile de l'Afrique de l'Ouest
12%
Crocodile de Nouvelle-Guinée
12%
Caïman à Museau Large
11%
Crocodile de Bornéo
5%
Crocodile de Nouvelle-Guinée de Hall
2%
Aucun quiz correspondant
Distribution des résultats
% des personnes avec chaque résultat
Percentile par nombre de réponses
Votre historique - résultats
Vous n’avez pas pris ce quiz